000 00426nam a2200181Ia 4500
001 1937
005 20260306143805.0
008 260306t2008||||xx |||||||||||||| ||spa||
041 _aESP
082 _a158.1
_bV38
100 _aVazquez, Carmelo (Ed.)
_eAUT
245 0 _aPsicologĂ­a positiva aplicada
260 _c2008
300 _a503 páginas :
_c21 cm.
650 _aGEN
654 _aCPS
942 _cLIB
_dJUS
_fJUS
_2ddc
_n
999 _c1937
_d1937